<?xml version="1.0" encoding="UTF-8"?><?xml-stylesheet type="text/xsl" href="static/style.xsl"?><OAI-PMH xmlns="http://www.openarchives.org/OAI/2.0/" xmlns:xsi="http://www.w3.org/2001/XMLSchema-instance" xsi:schemaLocation="http://www.openarchives.org/OAI/2.0/ http://www.openarchives.org/OAI/2.0/OAI-PMH.xsd"><responseDate>2026-06-01T17:04:30Z</responseDate><request verb="GetRecord" identifier="oai:riuma.uma.es:10630/36380" metadataPrefix="marc">https://riuma.uma.es/rest/oai/request</request><GetRecord><record><header><identifier>oai:riuma.uma.es:10630/36380</identifier><datestamp>2026-02-03T11:03:49Z</datestamp><setSpec>com_10630_2254</setSpec><setSpec>col_10630_37953</setSpec></header><metadata><record xmlns="http://www.loc.gov/MARC21/slim" xmlns:dcterms="http://purl.org/dc/terms/" xmlns:doc="http://www.lyncode.com/xoai" xmlns:xsi="http://www.w3.org/2001/XMLSchema-instance" xsi:schemaLocation="http://www.loc.gov/MARC21/slim http://www.loc.gov/standards/marcxml/schema/MARC21slim.xsd">
   <leader>00925njm 22002777a 4500</leader>
   <datafield ind2=" " ind1=" " tag="042">
      <subfield code="a">dc</subfield>
   </datafield>
   <datafield ind2=" " ind1=" " tag="720">
      <subfield code="a">Saldaña García, Jesús</subfield>
      <subfield code="e">author</subfield>
   </datafield>
   <datafield ind2=" " ind1=" " tag="720">
      <subfield code="a">Torremocha López, Ana</subfield>
      <subfield code="e">author</subfield>
   </datafield>
   <datafield ind2=" " ind1=" " tag="720">
      <subfield code="a">Dawid-Milner, Marc Stefan</subfield>
      <subfield code="e">author</subfield>
   </datafield>
   <datafield ind2=" " ind1=" " tag="260">
      <subfield code="c">2020-05-15</subfield>
   </datafield>
   <datafield ind2=" " ind1=" " tag="520">
      <subfield code="a">Objective: In autonomic units, patients perform several short Valsalva maneuvers (VMs) while learning the procedure. The effects of repeated VMs on cardiovascular elicited responses were assessed.&#xd;
Methods: 14 healthy volunteer subjects were selected (aged 22-26). VMs were performed every 3 min up to 6 times in a reclined sitting position. Changes in blood pressure (BP), heart rate (HR) and baroreflex sensitivity indexes were evaluated. Subjects were classified according to their adrenergic response patterns.&#xd;
Results: VMs repetitions evoked a progressive decrease in BP during phases II and III and a reduced increase in mean BP at late phase II. Increased bradycardia at early phase II and IV was also observed. Last two VMs showed a significant increase in Valsalva ratio, while other indexes remained unaltered. Subjects with balanced adrenergic responses presented extended pressure recovery time from the third repetition and lower BP values than those with augmented or suppressed adrenergic responses.&#xd;
Conclusions: Significant changes in BP and HR at certain phases were observed when consecutive VMs were performed in young subjects in a reclined position. The most affected baroreflex index was the Valsalva ratio. Adrenergic response patterns showed differences that should be considered in order to avoid false positives.&#xd;
Significance: We recommend not repeating the VM more than 4 times and revisiting the role and reliability of the Valsalva ratio.</subfield>
   </datafield>
   <datafield ind1="8" ind2=" " tag="024">
      <subfield code="a">Saldaña García J, Torremocha López A, Dawid Milner MS. Influence of repetitions on the Valsalva maneuver. Clin Neurophysiol Pract. 2020 May 15;5:104-111. doi: 10.1016/j.cnp.2020.04.003. PMID: 32518858; PMCID: PMC7272514.</subfield>
   </datafield>
   <datafield ind1="8" ind2=" " tag="024">
      <subfield code="a">https://hdl.handle.net/10630/36380</subfield>
   </datafield>
   <datafield ind1="8" ind2=" " tag="024">
      <subfield code="a">10.1016/j.cnp.2020.04.003</subfield>
   </datafield>
   <datafield tag="653" ind2=" " ind1=" ">
      <subfield code="a">Respiración - Técnica</subfield>
   </datafield>
   <datafield ind2="0" ind1="0" tag="245">
      <subfield code="a">Influence of repetitions on the Valsalva maneuver</subfield>
   </datafield>
</record>
</metadata></record></GetRecord></OAI-PMH>